| 000 | 00000nam 2200000zi 4500 |
| 001 | 9.954194 |
| 003 | CaOODSP |
| 005 | 20250818120855 |
| 006 | m o d f |
| 007 | cr mn |||||||| |
| 008 | 250818e20180321oncd obs f000 0 fre d |
| 043 | |an-cn--- |
| 086 | 1 |aCS82-003/2018-3-2F-PDF |
| 100 | 1 |aCragg, Jacquelyn J., |eauteur. |
| 245 | 10|aPrévalence de la douleur chronique chez les personnes souffrant de problèmes neurologiques / |cpar Jacquelyn J. Cragg, Freda M. Warner, Matthew S. Shupler, Catherine R. Jutzeler, Neil Cashman, David G. T. Whitehurst et John K. Kramer. |
| 264 | 1|a[Ottawa] : |bStatistique Canada = Statistics Canada, |cle 21 mars 2018. |
| 264 | 4|c©2018 |
| 300 | |a1 ressource en ligne (pages 13-19) : |bgraphiques. |
| 336 | |atexte|btxt|2rdacontent/fre |
| 337 | |ainformatique|bc|2rdamedia/fre |
| 338 | |aressource en ligne|bcr|2rdacarrier/fre |
| 490 | 1 |aRapports sur la santé, |x1209-1375 ; |vvol. 29, no. 3, [2] |
| 500 | |aTitre de la couverture. |
| 500 | |aPublié aussi en anglais sous le titre : Prevalence of chronic pain among individuals with neurological conditions. |
| 504 | |aComprend des références bibliographiques (page 19). |
| 520 | 3 |a« La prévalence de la douleur chez les personnes souffrant de problèmes neurologiques particuliers a déjà fait l’objet d’estimations. Cependant, les renseignements au sujet de la douleur chronique chez les personnes ayant des problèmes neurologiques sont limités. Il en va de même des renseignements au sujet des problèmes de santé pour lesquels la prévalence de la douleur chronique est la plus élevée. Pour combler ces lacunes en matière d’information, une méthode commune d’évaluation de la douleur est requise » -- Résumé, page 13. |
| 650 | 6|aMigraine|zCanada|vStatistiques. |
| 650 | 6|aMoelle épinière|xMaladies|zCanada|vStatistiques. |
| 650 | 6|aMédecine de la douleur|zCanada. |
| 655 | 7|aStatistiques|2rvmgf |
| 710 | 2 |aStatistique Canada, |eorganisme de publication. |
| 775 | 08|tPrevalence of chronic pain among individuals with neurological conditions / |w(CaOODSP)9.954191 |
| 830 | #0|aRapports sur la santé (Collection)|x1209-1375 ; |vvol. 29, no. 3, [2].|w(CaOODSP)9.950257 |
| 856 | 40|qPDF|s548 Ko|uhttps://publications.gc.ca/collections/collection_2025/statcan/82-003-x/CS82-003-2018-3-2-fra.pdf |
| 856 | 4 |qHTML|sS.O.|uhttps://www150.statcan.gc.ca/n1/pub/82-003-x/2018003/article/54921-fra.htm |
| 040 | |aCaOODSP|bfre|erda|cCaOODSP |